[Event "POL-chT3 Pomorskie"]
[Site "Poland"]
[Date "2013.05.12"]
[Round "8.10"]
[White "Wyczling, Bartosz"]
[Black "Wrzesinski, Pawel"]
[Result "0-1"]
[WhiteElo "1657"]
[BlackElo "1963"]
[PlyCount "118"]
[EventDate "2013.01.13"]
[EventType "team-tourn"]
[EventRounds "9"]
[EventCountry "POL"]
[SourceTitle "EXT 2019"]
[Source "ChessBase"]
[SourceDate "2018.10.10"]
[SourceVersion "1"]
[SourceVersionDate "2018.10.10"]
[SourceQuality "1"]
[WhiteTeam "Tzcew Skoczek"]
[BlackTeam "Gdansk Gedania"]
[WhiteTeamCountry "POL"]
[BlackTeamCountry "POL"]

1. d4 e6 2. c4 b6 3. Nc3 Bb7 4. e4 Bb4 5. Bd3 Nf6 6. f3 0-0 7. Nge2 d5 8. cxd5 exd5 9. e5 Nfd7 10. 0-0 c5 11. f4 cxd4 12. Nxd4 Bc5 13. Be3 Nc6 14. Bc2 Re8 15. Qd3 Nf8 16. a3 a5 17. Ba4 Ba6 18. Bb5 Nxd4 19. Bxd4 Ne6 20. Bxc5 Nxc5 21. Qf5 Re7 22. Bxa6 Rxa6 23. Nxd5 Rd7 24. Nc3 b5 25. Kh1 Qa8 26. Rad1 Rg6 27. Qh3 b4 28. axb4 axb4 29. Ra1 Ra6 30. Rad1 bxc3 31. Qxc3 Ne4 32. Qe1 Rxd1 33. Qxd1 Nf2+ 34. Rxf2 Ra1 35. Rf1 Rxd1 36. Rxd1 g6 37. b4 Qa4 38. Rb1 Qc2 39. Rf1 Qb2 40. g3 Qxb4 41. h4 h5 42. Kg2 Qe4+ 43. Kf2 Kf8 44. Re1 Qd4+ 45. Kf3 Ke7 46. Re4 Qd5 47. Ke3 Ke6 48. Rd4 Qg2 49. Rd6+ Ke7 50. Kd4 Qxg3 51. Ke4 Qxh4 52. Rd3 Qe1+ 53. Re3 Qxe3+ 54. Kxe3 Ke6 55. Ke4 h4 56. Kf3 Kf5 57. Ke3 Kg4 58. Ke4 h3 59. Ke3 h2 0-1

[Event "POL-chT3 Pomorskie"]
[Site "Poland"]
[Date "2013.02.03"]
[Round "4.18"]
[White "Litwinski, Wojciech"]
[Black "Wrzesinski, Pawel"]
[Result "0-1"]
[WhiteElo "1849"]
[BlackElo "1963"]
[PlyCount "96"]
[EventDate "2013.01.13"]
[EventType "team-tourn"]
[EventRounds "9"]
[EventCountry "POL"]
[SourceTitle "EXT 2019"]
[Source "ChessBase"]
[SourceDate "2018.10.10"]
[SourceVersion "1"]
[SourceVersionDate "2018.10.10"]
[SourceQuality "1"]
[WhiteTeam "Lipusz WDA"]
[BlackTeam "Gdansk Gedania"]
[WhiteTeamCountry "POL"]
[BlackTeamCountry "POL"]

1. e4 e6 2. d4 d5 3. Nc3 Nf6 4. Bb5+ c6 5. Ba4 dxe4 6. f3 Bb4 7. a3 Ba5 8. b4 Bb6 9. Nce2 0-0 10. fxe4 Nxe4 11. Nf3 Nd7 12. c4 e5 13. c5 Bc7 14. Bc2 Nef6 15. 0-0 exd4 16. Qd3 Re8 17. Ng5 Ne5 18. Qxd4 Qxd4+ 19. Nxd4 Neg4 20. Bf4 Bxf4 21. Rxf4 h6 22. Ne4 Nxe4 23. Rxe4 Rxe4 24. Bxe4 Be6 25. Nxe6 fxe6 26. b5 Ne5 27. Rd1 Rc8 28. bxc6 bxc6 29. Rd6 Kf7 30. a4 Ke7 31. Rd1 Nd7 32. Rc1 Nf6 33. Bf3 e5 34. Rd1 e4 35. Re1 Re8 36. Kf2 Kd8 37. Be2 Nd7 38. Rd1 Kc7 39. Rc1 Re5 40. Ke3 Rxc5 41. Rf1 Nf6 42. Rb1 Rc3+ 43. Kf2 Rc2 44. h3 Nd5 45. Rb3 Nf4 46. Re3 Rxe2+ 47. Rxe2 Nxe2 48. Kxe2 Kd6 0-1

[Event "Gdansk op 14th"]
[Site "Gdansk"]
[Date "2012.07.29"]
[Round "9"]
[White "Wrzesinski, Pawel"]
[Black "Kanarkiewicz, Michal"]
[Result "1-0"]
[WhiteElo "1960"]
[BlackElo "2079"]
[PlyCount "111"]
[EventDate "2012.07.22"]
[EventType "swiss"]
[EventRounds "9"]
[EventCountry "POL"]
[SourceTitle "CBM 149 Extra"]
[Source "ChessBase"]
[SourceDate "2012.08.24"]
[SourceVersion "1"]
[SourceVersionDate "2012.08.24"]
[SourceQuality "1"]

1. e4 c5 2. Nf3 d6 3. d4 cxd4 4. Nxd4 Nf6 5. Nc3 a6 6. f4 e6 7. Be2 Be7 8. 0-0 0-0 9. Kh1 Qc7 10. Be3 Nc6 11. Nxc6 bxc6 12. Qe1 Rb8 13. b3 Re8 14. e5 Nd5 15. Nxd5 cxd5 16. Qd2 dxe5 17. fxe5 Bb4 18. Qd3 Bc3 19. Rxf7 Qxf7 20. Qxc3 Bb7 21. Rf1 Qg6 22. Bc5 Rec8 23. b4 a5 24. Qh3 axb4 25. Bd3 Qh6 26. Qf3 d4 27. Qf7+ Kh8 28. Bd6 Qg5 29. Rf2 Qd8 30. Bxb8 Rxb8 31. Qxe6 Bd5 32. Qd6 Bxa2 33. Rf4 Qxd6 34. exd6 Rd8 35. Rxd4 Kg8 36. Kg1 g6 37. Kf2 Kf7 38. Ke3 Ke6 39. Rxb4 Bd5 40. Be4 Rxd6 41. Rd4 Ba2 42. Rxd6+ Kxd6 43. Kf4 Ke6 44. Kg5 Bb1 45. h4 Ba2 46. h5 gxh5 47. Bxh7 Kf7 48. Kxh5 Bd5 49. g4 Kf6 50. g5+ Kg7 51. Bf5 Bc4 52. Kg4 Ba2 53. Kf4 Bb1 54. Ke5 Kf7 55. c4 Ba2 56. c5 1-0

[Event "Gdansk op 14th"]
[Site "Gdansk"]
[Date "2012.07.25"]
[Round "5"]
[White "Wrzesinski, Pawel"]
[Black "Janik, Igor"]
[Result "1-0"]
[WhiteElo "1960"]
[BlackElo "1767"]
[PlyCount "61"]
[EventDate "2012.07.22"]
[EventType "swiss"]
[EventRounds "9"]
[EventCountry "POL"]
[SourceTitle "CBM 149 Extra"]
[Source "ChessBase"]
[SourceDate "2012.08.24"]
[SourceVersion "1"]
[SourceVersionDate "2012.08.24"]
[SourceQuality "1"]

1. e4 c5 2. Nf3 d6 3. d4 cxd4 4. Nxd4 Nf6 5. Nc3 g6 6. f4 Nc6 7. Bb5 Bd7 8. 0-0 Qb6 9. Be3 Ng4 10. Nd5 Qd8 11. f5 Nxe3 12. Nxe3 Bg7 13. Nxc6 bxc6 14. Bc4 Qb6 15. Qf3 g5 16. Kh1 h5 17. Bb3 Qc5 18. Rad1 a5 19. a4 Bc8 20. Nc4 Ba6 21. f6 Bxf6 22. Nxd6+ Kf8 23. Nxf7 Rh7 24. Rfe1 Rxf7 25. Bxf7 g4 26. Qb3 Qe5 27. Bg8 Kg7 28. Qf7+ Kh6 29. Qh7+ Kg5 30. g3 e6 31. Bf7 1-0

[Event "Gdansk op 14th"]
[Site "Gdansk"]
[Date "2012.07.24"]
[Round "4"]
[White "Zolnierowicz, Krzysztof"]
[Black "Wrzesinski, Pawel"]
[Result "1-0"]
[WhiteElo "2226"]
[BlackElo "1960"]
[PlyCount "61"]
[EventDate "2012.07.22"]
[EventType "swiss"]
[EventRounds "9"]
[EventCountry "POL"]
[SourceTitle "CBM 149 Extra"]
[Source "ChessBase"]
[SourceDate "2012.08.24"]
[SourceVersion "1"]
[SourceVersionDate "2012.08.24"]
[SourceQuality "1"]

1. e4 e6 2. d4 d5 3. exd5 exd5 4. c4 Bb4+ 5. Nc3 Qe7+ 6. Be3 Bxc3+ 7. bxc3 Nf6 8. h3 Bf5 9. Nf3 0-0 10. Be2 Nc6 11. 0-0 Ne4 12. Qc1 dxc4 13. Bxc4 Nd6 14. Bg5 Qd7 15. Be2 f6 16. Bf4 Rfe8 17. Re1 Re7 18. d5 Na5 19. c4 Rae8 20. Bf1 Rxe1 21. Nxe1 b6 22. c5 Ne4 23. cxb6 cxb6 24. Qc7 Qxd5 25. Be3 Qf7 26. Rc1 g5 27. Nf3 Rc8 28. Qxc8+ Bxc8 29. Rxc8+ Kg7 30. Nd4 Nd6 31. Rc7 1-0

[Event "Gdansk op 12th "]
[Site "Gdansk"]
[Date "2010.07.23"]
[Round "8"]
[White "Wrzesinski, Pawel"]
[Black "Machlowski, Slawomir"]
[Result "1-0"]
[WhiteElo "1976"]
[BlackElo "2184"]
[PlyCount "53"]
[EventDate "2010.07.17"]
[EventType "swiss"]
[EventRounds "9"]
[EventCountry "POL"]
[SourceTitle "EXT 2011"]
[Source "ChessBase"]
[SourceDate "2010.11.26"]
[SourceVersion "1"]
[SourceVersionDate "2010.11.26"]
[SourceQuality "1"]

1. e4 c5 2. Nf3 e6 3. d4 cxd4 4. Nxd4 a6 5. Be3 Nf6 6. Nd2 b5 7. a4 b4 8. Bc4 Bb7 9. f3 d5 10. exd5 Nxd5 11. Bf2 Qg5 12. g3 Ne3 13. Qe2 Nxc4 14. Nxc4 Nd7 15. Nxe6 fxe6 16. Qxe6+ Qe7 17. Nd6+ Kd8 18. Nxb7+ Kc7 19. Qxe7 Bxe7 20. Na5 Bf6 21. 0-0-0 Rhf8 22. Nc4 g5 23. Rd3 Rae8 24. Rhd1 Re7 25. g4 Ne5 26. Nxe5 Bxe5 27. Bc5 1-0

[Event "Gdansk op 12th "]
[Site "Gdansk"]
[Date "2010.07.19"]
[Round "4"]
[White "Rawicz, Karol"]
[Black "Wrzesinski, Pawel"]
[Result "1-0"]
[WhiteElo "2293"]
[BlackElo "1976"]
[PlyCount "43"]
[EventDate "2010.07.17"]
[EventType "swiss"]
[EventRounds "9"]
[EventCountry "POL"]
[SourceTitle "EXT 2011"]
[Source "ChessBase"]
[SourceDate "2010.11.26"]
[SourceVersion "1"]
[SourceVersionDate "2010.11.26"]
[SourceQuality "1"]

1. d4 Nf6 2. c4 g6 3. Nc3 Bg7 4. e4 d6 5. f3 0-0 6. Bg5 h6 7. Be3 Nc6 8. Nge2 e5 9. d5 Ne7 10. Qd2 Kh7 11. g4 Ne8 12. Ng3 f5 13. exf5 gxf5 14. Bd3 Nf6 15. gxf5 Bd7 16. 0-0-0 Qc8 17. Nce4 Neg8 18. Rhg1 b5 19. cxb5 Qb7 20. Nh5 Bh8 21. Qg2 Be8 22. Qg6+ 1-0

[Event "Gdansk op 12th "]
[Site "Gdansk"]
[Date "2010.07.18"]
[Round "2"]
[White "Szymanowski, Mateusz"]
[Black "Wrzesinski, Pawel"]
[Result "0-1"]
[WhiteElo "1705"]
[BlackElo "1976"]
[PlyCount "84"]
[EventDate "2010.07.17"]
[EventType "swiss"]
[EventRounds "9"]
[EventCountry "POL"]
[SourceTitle "EXT 2011"]
[Source "ChessBase"]
[SourceDate "2010.11.26"]
[SourceVersion "1"]
[SourceVersionDate "2010.11.26"]
[SourceQuality "1"]

1. e4 e6 2. d4 d5 3. e5 c5 4. c3 Qb6 5. Nf3 Bd7 6. Bd3 Bb5 7. 0-0 Nc6 8. dxc5 Bxc5 9. b4 Be7 10. Be3 Qa6 11. Bxb5 Qxb5 12. a4 Qc4 13. Bd4 Nxd4 14. Nxd4 Nh6 15. h3 g6 16. Qd2 Nf5 17. Na3 Qc7 18. Rfe1 a6 19. a5 0-0 20. Rac1 Nxd4 21. Qxd4 Rac8 22. g3 Rfd8 23. Re3 Qd7 24. Nc2 Rc4 25. Qd3 Rdc8 26. Qd2 Qc7 27. Rb1 Rxc3 28. Ne1 Qc4 29. Nd3 Bg5 30. f4 Be7 31. g4 Rc2 32. Qe1 Qa2 33. Qf1 Rg2+ 34. Qxg2 Qxb1+ 35. Kh2 Rc3 36. Qg3 Rc2+ 37. Nf2 Qf1 38. Rf3 Bxb4 39. Qh4 Bxa5 40. f5 exf5 41. gxf5 Bb6 42. e6 fxe6 0-1

[Event "Gdansk op"]
[Site "Gdansk"]
[Date "2009.07.20"]
[Round "4"]
[White "Les, Czeslaw"]
[Black "Wrzesinski, Pawel"]
[Result "1-0"]
[WhiteElo "1883"]
[BlackElo "2000"]
[PlyCount "63"]
[EventDate "2009.07.19"]
[EventType "swiss"]
[EventRounds "9"]
[EventCountry "POL"]
[SourceTitle "CBM 131 Extra"]
[Source "ChessBase"]
[SourceDate "2009.09.03"]
[SourceVersion "2"]
[SourceVersionDate "2009.09.16"]
[SourceQuality "1"]

1. d4 Nf6 2. Bg5 Ne4 3. Bf4 c5 4. f3 Nf6 5. d5 Qb6 6. e4 Qxb2 7. Nd2 d6 8. Nc4 Qb4+ 9. c3 Qxc3+ 10. Bd2 Qd4 11. Rc1 Nxe4 12. fxe4 Qxe4+ 13. Be2 Qxd5 14. Bf3 Qe6+ 15. Ne2 Nc6 16. 0-0 Ne5 17. Nxe5 Qxe5 18. Qb3 Qe6 19. Qd3 f6 20. Nc3 Qe5 21. Nd5 Rb8 22. Bc3 Qg5 23. Rce1 Kf7 24. Bd2 Qh4 25. Nf4 g6 26. Qd5+ Kg7 27. g3 e6 28. Nxe6+ Bxe6 29. Qxe6 Qd4+ 30. Be3 Qe5 31. Qh3 Qf5 32. Bg4 1-0

[Event "Gdansk op"]
[Site "Gdansk"]
[Date "2009.07.20"]
[Round "3"]
[White "Wrzesinski, Pawel"]
[Black "Kanarkiewicz, Michal"]
[Result "0-1"]
[WhiteElo "2000"]
[BlackElo "1804"]
[PlyCount "75"]
[EventDate "2009.07.19"]
[EventType "swiss"]
[EventRounds "9"]
[EventCountry "POL"]
[SourceTitle "CBM 131 Extra"]
[Source "ChessBase"]
[SourceDate "2009.09.03"]
[SourceVersion "2"]
[SourceVersionDate "2009.09.16"]
[SourceQuality "1"]

1. e4 c5 2. Nf3 d6 3. d4 cxd4 4. Nxd4 Nf6 5. Nc3 a6 6. a4 e5 7. Nb3 Be6 8. Be2 Be7 9. Be3 0-0 10. 0-0 h6 11. f3 Nc6 12. Qd2 Rc8 13. Nd5 Bxd5 14. exd5 Nb8 15. Na5 Qc7 16. Rfc1 Nbd7 17. Nc4 Nh7 18. a5 Bg5 19. Nb6 Nxb6 20. axb6 Qxb6 21. Bxb6 Bxd2 22. Rd1 Rxc2 23. Bd3 Rxb2 24. Bc7 Be3+ 25. Kh1 Bc5 26. Ra5 Bb6 27. Bxd6 Bxa5 28. Bxh7+ Kxh7 29. Bxf8 Kg8 30. Be7 f6 31. h3 Kf7 32. d6 Bb4 33. Bd8 Ke8 34. Bb6 Rd2 35. Rb1 a5 36. Bxa5 Bxa5 37. Rxb7 Rxd6 38. Rxg7 0-1

[Event "Gdansk op"]
[Site "Gdansk"]
[Date "2008.07.26"]
[Round "9"]
[White "Wrzesinski, Pawel"]
[Black "Szczepaniec, Stanislaw"]
[Result "0-1"]
[WhiteElo "1999"]
[BlackElo "2171"]
[PlyCount "76"]
[EventDate "2008.07.19"]
[EventType "swiss"]
[EventRounds "9"]
[EventCountry "POL"]
[SourceTitle "EXT 2009"]
[Source "ChessBase"]
[SourceDate "2008.11.26"]
[SourceVersion "1"]
[SourceVersionDate "2008.11.26"]
[SourceQuality "1"]

1. e4 c5 2. Nf3 Nc6 3. d4 cxd4 4. Nxd4 g6 5. Nxc6 bxc6 6. Qd4 Nf6 7. e5 Nd5 8. e6 f6 9. exd7+ Bxd7 10. Bc4 e5 11. Qd1 Be6 12. b3 Bb4+ 13. Bd2 Bc5 14. 0-0 0-0 15. b4 Bb6 16. Bb3 Qe7 17. a3 Rad8 18. Qf3 f5 19. Nc3 e4 20. Nxd5 cxd5 21. Qg3 Rd7 22. Ba4 Rb7 23. Bc6 Rc7 24. Bg5 Qf7 25. Qd6 Rxc6 26. Qxc6 Rc8 27. Qa4 f4 28. Rfe1 Qf5 29. Be7 f3 30. Bd6 Qg4 31. Bg3 h5 32. Qb3 d4 33. h3 Qf5 34. c4 fxg2 35. Kxg2 Qxh3+ 36. Kg1 d3 37. Bd6 Qg4+ 38. Kh2 Qh4+ 0-1

[Event "Ostroda op"]
[Site "Ostroda"]
[Date "2007.08.12"]
[Round "9"]
[White "Galinski, Damian"]
[Black "Wrzesinski, Pawel"]
[Result "1-0"]
[WhiteElo "1832"]
[BlackElo "2043"]
[PlyCount "53"]
[EventDate "2007.08.06"]
[EventType "swiss"]
[EventRounds "9"]
[EventCountry "POL"]
[SourceTitle "EXT 2009"]
[Source "ChessBase"]
[SourceDate "2008.11.26"]
[SourceVersion "1"]
[SourceVersionDate "2008.11.26"]
[SourceQuality "1"]

1. e4 e6 2. d4 d5 3. Nd2 Nf6 4. e5 Nfd7 5. Bd3 c5 6. c3 Nc6 7. Ne2 cxd4 8. cxd4 f6 9. exf6 Qxf6 10. Nf3 h6 11. 0-0 Bd6 12. Ng3 0-0 13. Bc2 Qf7 14. Nh4 Nf6 15. Ng6 Re8 16. f4 Qc7 17. Be3 Ne7 18. Ne5 Nf5 19. Bf2 b6 20. Rc1 Qb8 21. Nh5 Be7 22. Qe2 Qd6 23. Rfe1 Bb7 24. Ng6 Bd8 25. Ba4 Nd7 26. Ne5 Bc8 27. Rxc8 1-0

[Event "Ostroda op"]
[Site "Ostroda"]
[Date "2007.08.07"]
[Round "3"]
[White "Wrzesinski, Pawel"]
[Black "Sikora, Jan"]
[Result "0-1"]
[WhiteElo "2043"]
[BlackElo "2252"]
[PlyCount "56"]
[EventDate "2007.08.06"]
[EventType "swiss"]
[EventRounds "9"]
[EventCountry "POL"]
[SourceTitle "EXT 2009"]
[Source "ChessBase"]
[SourceDate "2008.11.26"]
[SourceVersion "1"]
[SourceVersionDate "2008.11.26"]
[SourceQuality "1"]

1. e4 d5 2. exd5 Nf6 3. Nc3 Nxd5 4. d4 e6 5. Nxd5 Qxd5 6. Nf3 Nc6 7. Be2 b6 8. Bf4 Bd6 9. Bxd6 Qxd6 10. Qd2 Bb7 11. 0-0 0-0-0 12. Rfd1 g5 13. c3 g4 14. Ne1 h5 15. b4 f5 16. Nd3 h4 17. Qf4 Qd5 18. Ne1 Qd7 19. Bb5 Kb8 20. a4 a6 21. Bxa6 e5 22. Qc1 exd4 23. Bb5 h3 24. Rxd4 Nxd4 25. cxd4 Qxd4 26. Bf1 Qd6 27. g3 Qd5 28. f3 Qd4+ 0-1

[Event "Przysiek U18"]
[Site "Przysiek"]
[Date "2006.09.29"]
[Round "8"]
[White "Zwolakiewicz, Krzysztof"]
[Black "Wrzesinski, Pawel"]
[Result "0-1"]
[WhiteElo "1950"]
[BlackElo "2032"]
[PlyCount "88"]
[EventDate "2006.09.24"]
[EventType "swiss"]
[EventRounds "9"]
[EventCountry "POL"]
[SourceTitle "EXT 2009"]
[Source "ChessBase"]
[SourceDate "2008.11.26"]
[SourceVersion "1"]
[SourceVersionDate "2008.11.26"]
[SourceQuality "1"]

1. e4 e6 2. d4 d5 3. e5 c5 4. c3 Qb6 5. Nf3 Bd7 6. a3 a5 7. Bd3 cxd4 8. cxd4 Bb5 9. 0-0 Bxd3 10. Qxd3 Ne7 11. Nc3 Nec6 12. Be3 Nd7 13. Ng5 h6 14. Nh3 Be7 15. f4 g6 16. Kh1 Qa6 17. Nb5 0-0-0 18. b4 Kb8 19. bxa5 Nxa5 20. Rfb1 Nc4 21. Nf2 Ndb6 22. a4 Rc8 23. Qe2 Na3 24. Rb3 Nxb5 25. Qxb5 Qxb5 26. Rxb5 Nc4 27. Bc1 Rc7 28. Nd3 h5 29. a5 Ka7 30. h3 Rhc8 31. Rab1 Ka6 32. Kh2 Nxa5 33. Bd2 Nc4 34. R5b3 b6 35. Bb4 Bxb4 36. Rxb4 Kb7 37. g4 hxg4 38. hxg4 Ra8 39. R1b3 Rcc8 40. Kg3 Rh8 41. f5 gxf5 42. gxf5 Rag8+ 43. Kf4 Rh4+ 44. Kf3 Nd2+ 0-1

[Event "Przysiek U18"]
[Site "Przysiek"]
[Date "2006.09.27"]
[Round "5"]
[White "Wrzesinski, Pawel"]
[Black "Hiszczynski, Jakub"]
[Result "0-1"]
[WhiteElo "2032"]
[BlackElo "2024"]
[PlyCount "84"]
[EventDate "2006.09.24"]
[EventType "swiss"]
[EventRounds "9"]
[EventCountry "POL"]
[SourceTitle "EXT 2009"]
[Source "ChessBase"]
[SourceDate "2008.11.26"]
[SourceVersion "1"]
[SourceVersionDate "2008.11.26"]
[SourceQuality "1"]

1. e4 e6 2. d4 d5 3. Nc3 Bb4 4. e5 c5 5. a3 Ba5 6. Bd2 cxd4 7. Nb5 Bc7 8. f4 a6 9. Nxc7+ Qxc7 10. Bd3 Nc6 11. Qg4 f5 12. Qg3 Nh6 13. h3 g6 14. Nf3 Bd7 15. Qf2 Nf7 16. 0-0 0-0 17. a4 a5 18. Kh2 b6 19. Rg1 Bc8 20. g4 fxg4 21. Rxg4 Nfxe5 22. Rag1 Nxg4+ 23. hxg4 e5 24. Bb5 Bb7 25. Kh1 e4 26. Nxd4 Nxd4 27. Qxd4 Qc5 28. Qe5 d4 29. Qe6+ Kh8 30. Kh2 e3 31. Be1 Qxc2+ 32. Kh3 Qe4 33. Qxb6 Rxf4 34. Bg3 Rf7 35. Qd6 Bd5 36. Re1 Kg8 37. b3 d3 38. Rxe3 Qh1+ 39. Bh2 Qf1+ 40. Kh4 Qf2+ 41. Bg3 Qxe3 42. Qxd5 Qh6+ 0-1

[Event "Gdansk-ch 8th"]
[Site "Gdansk"]
[Date "2006.07.28"]
[Round "7"]
[White "Klicki, Wojciech"]
[Black "Wrzesinski, Pawel"]
[Result "0-1"]
[WhiteElo "2146"]
[BlackElo "2032"]
[PlyCount "48"]
[EventDate "2006.07.23"]
[EventType "swiss"]
[EventRounds "9"]
[EventCountry "POL"]
[SourceTitle "EXT 2008"]
[Source "ChessBase"]
[SourceDate "2007.11.25"]
[SourceVersion "1"]
[SourceVersionDate "2007.11.25"]
[SourceQuality "1"]

1. g3 d5 2. Bg2 c6 3. d3 Nf6 4. Nc3 Bf5 5. Bg5 d4 6. Nb1 Nbd7 7. e4 dxe3 8. Bxe3 Nd5 9. Ne2 e5 10. Nbc3 Nxe3 11. fxe3 Qb6 12. Qd2 Be7 13. h4 Nf6 14. 0-0-0 Ng4 15. d4 Rd8 16. Rhf1 Be6 17. Qd3 0-0 18. Be4 h6 19. Rf3 exd4 20. exd4 Ne5 21. Qe3 Nc4 22. Na4 Nxe3 23. Nxb6 Nxd1 24. Na4 Bg4 0-1

[Event "Gdansk-ch 8th"]
[Site "Gdansk"]
[Date "2006.07.24"]
[Round "3"]
[White "Murawski, Wieslaw"]
[Black "Wrzesinski, Pawel"]
[Result "1-0"]
[WhiteElo "2142"]
[BlackElo "2032"]
[PlyCount "135"]
[EventDate "2006.07.23"]
[EventType "swiss"]
[EventRounds "9"]
[EventCountry "POL"]
[SourceTitle "EXT 2008"]
[Source "ChessBase"]
[SourceDate "2007.11.25"]
[SourceVersion "1"]
[SourceVersionDate "2007.11.25"]
[SourceQuality "1"]

1. e4 e6 2. d4 d5 3. Nd2 Nf6 4. e5 Nfd7 5. Bd3 c5 6. c3 Nc6 7. Ne2 cxd4 8. cxd4 f6 9. exf6 Qxf6 10. Nf3 Bd6 11. 0-0 0-0 12. Bg5 Qf7 13. Bh4 h6 14. Bg3 Bxg3 15. Nxg3 e5 16. dxe5 Ndxe5 17. Nxe5 Nxe5 18. Bc2 Be6 19. Qd4 Nc6 20. Qd2 d4 21. Rfe1 Bc4 22. f3 d3 23. Bxd3 Bxa2 24. Qc3 Bd5 25. Rad1 Rad8 26. Bc2 Bc4 27. Ne4 Rxd1 28. Rxd1 Be6 29. Nd6 Qc7 30. Qd3 Rd8 31. Qg6 Qb6+ 32. Kh1 Qe3 33. Qg3 Qe5 34. Qxe5 Nxe5 35. Nxb7 Rxd1+ 36. Bxd1 Nd3 37. Kg1 Nxb2 38. Bc2 Bd5 39. Na5 Kf7 40. Kf2 Ke6 41. Ke3 Nc4+ 42. Nxc4 Bxc4 43. Kd4 Be2 44. f4 Bg4 45. h3 Bf5 46. Bb3+ Kf6 47. g4 Bc8 48. Bd5 g5 49. f5 h5 50. Bf3 hxg4 51. hxg4 a5 52. Kc5 Bd7 53. Be4 Ke5 54. Bc2 Bxf5 55. Bxf5 Kf6 56. Kb5 Ke5 57. Kxa5 Kf6 58. Kb5 Kg7 59. Kc5 Kf6 60. Kd6 Kf7 61. Ke5 Kg7 62. Be6 Kg6 63. Bb3 Kg7 64. Kf5 Kh6 65. Kf6 Kh7 66. Kxg5 Kg7 67. Ba2 Kh7 68. Kf6 1-0

[Event "POL-ch U16"]
[Site "Leba"]
[Date "2006.03.29"]
[Round "7"]
[White "Wrzesinski, Pawel"]
[Black "Gluszko, Tomasz"]
[Result "0-1"]
[WhiteElo "2023"]
[BlackElo "2075"]
[PlyCount "82"]
[EventDate "2006.03.25"]
[EventType "swiss"]
[EventRounds "11"]
[EventCountry "POL"]
[SourceTitle "CBM 111 Extra"]
[Source "ChessBase"]
[SourceDate "2006.05.09"]
[SourceVersion "1"]
[SourceVersionDate "2006.05.09"]
[SourceQuality "1"]

1. e4 c5 2. Nf3 e6 3. d4 cxd4 4. Nxd4 Nf6 5. Nc3 Bb4 6. Ndb5 Nxe4 7. Qd4 Nxc3 8. bxc3 Bf8 9. Bf4 Nc6 10. Qe3 d6 11. Rd1 e5 12. Bxe5 Nxe5 13. f4 Be7 14. Nxd6+ Bxd6 15. Bb5+ Bd7 16. Rxd6 Qe7 17. Rd5 Nd3+ 18. Kd2 Bxb5 19. Rxb5 Nxf4 20. Qxe7+ Kxe7 21. Rxb7+ Kd6 22. Rxf7 Ne6 23. Rb1 Rhf8 24. Rxf8 Rxf8 25. Ke3 Rf5 26. Rb4 Rc5 27. Kd3 Ra5 28. Rb2 Rh5 29. h3 Rg5 30. g4 Nf4+ 31. Ke3 Nxh3 32. Kf3 Rc5 33. Rb7 Rxc3+ 34. Ke4 Ng5+ 35. Kf5 Rc5+ 36. Kf4 Ne6+ 37. Ke4 Rc4+ 38. Kf3 a5 39. Rb6+ Ke5 40. Rb5+ Rc5 41. Rb2 Rxc2 0-1

[Event "Chojnice op-A 2nd"]
[Site "Chojnice"]
[Date "2006.??.??"]
[Round "7"]
[White "Bokiej, Przemyslaw"]
[Black "Wrzesinski, Pawel"]
[Result "0-1"]
[WhiteElo "1931"]
[BlackElo "2032"]
[PlyCount "56"]
[EventDate "2006.07.??"]
[EventType "swiss"]
[EventRounds "9"]
[EventCountry "POL"]
[SourceTitle "EXT 2007"]
[Source "ChessBase"]
[SourceDate "2006.11.23"]
[SourceVersion "1"]
[SourceVersionDate "2006.11.23"]
[SourceQuality "1"]

1. e4 e6 2. d3 d5 3. Nd2 Nf6 4. Ngf3 c5 5. g3 Nc6 6. Bg2 dxe4 7. dxe4 e5 8. 0-0 Bg4 9. c3 Be7 10. h3 Bh5 11. Qb3 Qc7 12. Nh4 0-0-0 13. Nf5 Rhg8 14. Qa4 Bf8 15. a3 Nd7 16. b4 Nb6 17. Qb3 Be2 18. Re1 c4 19. Qa2 Bd3 20. a4 Bxb4 21. Qb2 Ba5 22. Nf1 g6 23. Nh6 Rgf8 24. f4 Nd4 25. fxe5 Nc2 26. Bf4 Qc5+ 27. Kh2 Nxe1 28. Rxe1 Nxa4 0-1

[Event "Chojnice op-A 2nd"]
[Site "Chojnice"]
[Date "2006.??.??"]
[Round "2"]
[White "Olszewski, Marek"]
[Black "Wrzesinski, Pawel"]
[Result "0-1"]
[WhiteElo "2152"]
[BlackElo "2032"]
[PlyCount "98"]
[EventDate "2006.07.??"]
[EventType "swiss"]
[EventRounds "9"]
[EventCountry "POL"]
[SourceTitle "EXT 2007"]
[Source "ChessBase"]
[SourceDate "2006.11.23"]
[SourceVersion "1"]
[SourceVersionDate "2006.11.23"]
[SourceQuality "1"]

1. e4 e6 2. d4 d5 3. e5 c5 4. c3 Nc6 5. Nf3 Qb6 6. Be2 cxd4 7. cxd4 Nh6 8. Nc3 Nf5 9. Na4 Bb4+ 10. Bd2 Qa5 11. Bc3 Bd7 12. a3 Bxc3+ 13. Nxc3 Rc8 14. 0-0 a6 15. g4 Nfe7 16. Qd2 Na7 17. Qg5 Ng6 18. Bd1 Nb5 19. Ne2 h6 20. Qe3 Na7 21. Ng3 Ba4 22. b4 Qb5 23. Be2 Qd7 24. Rfc1 Bb5 25. Rxc8+ Nxc8 26. Bxb5 axb5 27. h4 Nb6 28. h5 Nc4 29. Qc1 Ne7 30. Ne1 Qc6 31. f4 Kd7 32. Nd3 b6 33. f5 Qa8 34. Nb2 Nxb2 35. Qxb2 Rc8 36. fxe6+ fxe6 37. Ne2 Rc4 38. Rf1 Qe8 39. Nf4 Nc6 40. Ne2 Qe7 41. Qd2 Nxe5 42. dxe5 Rxg4+ 43. Kf2 Qh4+ 44. Ke3 Re4+ 45. Kd3 Qh3+ 46. Kc2 Qxf1 47. Nc3 Rxe5 48. Qh2 Rf5 49. Qb8 Rf2+ 0-1

[Event "Chojnice op-A 2nd"]
[Site "Chojnice"]
[Date "2006.??.??"]
[Round "4"]
[White "Wrzesinski, Pawel"]
[Black "Zwolakiewicz, Krzysztof"]
[Result "0-1"]
[WhiteElo "2032"]
[BlackElo "1971"]
[PlyCount "36"]
[EventDate "2006.07.??"]
[EventType "swiss"]
[EventRounds "9"]
[EventCountry "POL"]
[SourceTitle "EXT 2007"]
[Source "ChessBase"]
[SourceDate "2006.11.23"]
[SourceVersion "1"]
[SourceVersionDate "2006.11.23"]
[SourceQuality "1"]

1. e4 c5 2. Nf3 d6 3. Bb5+ Bd7 4. Bxd7+ Qxd7 5. Nc3 g6 6. d4 cxd4 7. Qxd4 Nf6 8. Be3 Nc6 9. Qd2 Bg7 10. 0-0 Ng4 11. Bf4 0-0 12. h3 Nge5 13. Nxe5 Nxe5 14. Rad1 Rac8 15. Qc1 Nc4 16. Rd3 b5 17. Re1 b4 18. Nd1 Qc6 0-1